Land mit 25 Millionen Einwohnern im Jahr 2100 - Statistiken

Allgemein
  • Dieses Quiz wurde 80 mal gespielt
    69 seit der letzten Aktualisierung
  • Das Durchschnittsergebnis liegt bei 42 aus 65
Antwortstatistiken
Population Land % Korrekt
1,064,993,459 China
96%
1,450,420,839 Indien
96%
74,740,598 Deutschland
95%
433,853,891 Vereinigte Staaten
93%
65,497,773 Frankreich
91%
164,947,332 Niger
91%
126,142,656 Russland
91%
39,992,914 Italien
89%
79,190,833 Südafrika
89%
78,053,360 Vereinigtes Königreich
89%
224,735,180 Ägypten
87%
362,031,082 Demokratische Republik Kongo
87%
180,682,756 Brasilien
85%
33,209,863 Spanien
85%
86,170,458 Türkei
85%
74,959,377 Japan
84%
403,102,827 Pakistan
84%
42,876,772 Australien
82%
320,782,424 Indonesien
82%
56,953,227 Kanada
82%
56,802,489 Argentinien
80%
98,587,984 Iran
80%
141,509,743 Mexiko
80%
732,941,597 Nigeria
80%
151,393,020 Bangladesch
78%
107,711,273 Irak
78%
70,704,619 Algerien
76%
46,015,543 Thailand
75%
125,423,854 Kenia
73%
45,221,262 Kolumbien
73%
142,342,349 Sudan
73%
97,437,278 Vietnam
73%
294,392,896 Äthiopien
71%
285,651,848 Tansania
71%
40,078,168 Malaysia
67%
146,327,435 Philippinen
67%
188,283,138 Angola
64%
79,011,407 Ghana
62%
39,158,182 Peru
62%
80,382,703 Mali
58%
61,849,818 Tschad
58%
34,240,725 Venezuela
56%
55,298,936 Birma
55%
123,646,947 Mosambik
55%
136,784,883 Uganda
53%
81,546,200 Sambia
51%
90,225,182 Kamerun
49%
53,515,360 Senegal
49%
75,166,964 Afghanistan
47%
27,917,822 Kasachstan
47%
75,716,432 Somalia
47%
36,103,167 Syrien
47%
96,632,721 Elfenbeinküste
45%
30,965,416 Simbabwe
44%
31,616,064 Südsudan
44%
33,412,648 Ruanda
33%
26,949,191 Togo
31%
50,904,082 Burundi
29%
66,559,388 Malawi
29%
42,270,848 Usbekistan
29%
45,256,868 Guinea
24%
54,171,323 Jemen
24%
47,208,993 Benin
22%
99,957,337 Madagaskar
22%
31,270,072 Guatemala
7%
Keine übereinstimmenden Quizze gefunden
Verteilung der Resultate
Anzahl Personen mit jedem Resultat
Perzentil nach korrekt beantworteten Fragen
Ihre Resultats-Entwicklung
Sie haben dieses Quiz seit der letzten Aktualisierung nicht gespielt